000
00300nam a2200121Ia 4500
008
190216s9999||||xx |||||||||||||| ||und||
100
_a
Bakshi. Ak
245
0
_a
Chemistry: Text Book For Class. Xi
260
_b
Ncrt - Newdelhi
_c
2002
300
_a
398
650
_a
Chemistry-Chemistry
942
_c
REF
999
_c
36686
_d
36686